Strategic management : Concepts, decisions, cases
| Main Author: | |
|---|---|
| Format: | Book |
| Published: |
Homewood,Illinois :
Irwin Inc. ,
1990
|
| Edition: | 2nd ed. |
| Subjects: |
MARC
| LEADER | 00000cam a2200000 7i4500 | ||
|---|---|---|---|
| 001 | 0000003162 | ||
| 005 | 20200817.0 | ||
| 020 | |a 0256066736 | ||
| 040 | |a INS | ||
| 090 | 0 | 0 | |a HD70.G7 |b M9 1990 |
| 100 | 1 | |a Digman, Lester A. | |
| 245 | 1 | 0 | |a Strategic management : |b Concepts, decisions, cases |c Laster A.Digman |
| 250 | |a 2nd ed. | ||
| 260 | |a Homewood,Illinois : |b Irwin Inc. , |c 1990 | ||
| 300 | |a xxiii, 882p. ; |c 24 cm. | ||
| 650 | 0 | 0 | |a Strategic planning |
| 650 | 0 | 0 | |a Strategic planning |x Case studies |
| 999 | |a 0000005041 |b BOOK |c Open Shelf |e Default branch | ||